000 00426nam a22001697a 4500
999 _c11749
_d11749
003 OSt
008 230127b ||||| |||| 00| 0 eng d
020 _a9789353502058
082 _a658.3 MES
100 _aMELLO,Jeffrey A
245 _aStrategic Human Resource Management
250 _a4th Ed
260 _aNew Delhi
_bCengage
_c2022
300 _a674
650 _aStrategic Human Resource Management
942 _2ddc
_cREF